000 00896nam a2200217Ii 4500
003 JO-AjNU
008 230605s9999||||xx |||||||||||||| ||und||
020 _a978-1-56564-456-5
040 _aJO-AjNU
_bara
_erda
_cJO-AjNU
041 _aara
050 1 4 _aPJ6696.Z5.R45715 2012
100 3 _aساعي، أحمد بسام,
_eauthor
_952387
245 0 0 _aالمعجزة: إعادة قراءة الإعجاز اللغوي في القرآن الكريم: ظواهر اللغة الجديدة التي نزل بها القرآن الكريم، الجزء الاول
250 _aط1
264 3 1 _aفرجينيا: المعهد العالمي للفكر الإسلامي، 2012
300 _aج1، 358ص
336 _atext
_btxt
_2rdacontent
337 _aunmediated
_bn
_2rdamedia
338 _avolume
_bnc
_2rdacarrier
650 4 _aالقرآن الكريم - الإعجاز اللغوي
_952388
999 _aA23203
_c26771
_d26771